State, society and the UN system : (Record no. 3221)

MARC details
000 -LEADER
fixed length control field 01402cam a2200349 a 4500
001 - CONTROL NUMBER
control field 3991928
003 - CONTROL NUMBER IDENTIFIER
control field OSt
005 - DATE AND TIME OF LATEST TRANSACTION
control field 20160309180044.0
008 - FIXED-LENGTH DATA ELEMENTS--GENERAL INFORMATION
fixed length control field 950413s1995 ja b i100 0 eng d
010 ## - LIBRARY OF CONGRESS CONTROL NUMBER
LC control number 95218440
020 ## - INTERNATIONAL STANDARD BOOK NUMBER
International Standard Book Number 9280808850
035 ## - SYSTEM CONTROL NUMBER
System control number (OCoLC)32301724
040 ## - CATALOGING SOURCE
Original cataloging agency DIDB
Transcribing agency DIDB
Modifying agency DGU
-- DLC
042 ## - AUTHENTICATION CODE
Authentication code lccopycat
050 00 - LIBRARY OF CONGRESS CALL NUMBER
Classification number JX1977
Item number .S758 1995
082 ## - DEWEY DECIMAL CLASSIFICATION NUMBER
Classification number 320
Item number STA 1995
245 00 - TITLE STATEMENT
Title State, society and the UN system :
Remainder of title changing perspectives on multilateralism /
Statement of responsibility, etc. edited by Keith Krause and W. Andy Knight.
260 ## - PUBLICATION, DISTRIBUTION, ETC. (IMPRINT)
Place of publication, distribution, etc. Tokyo ;
-- New York :
Name of publisher, distributor, etc. United Nations University Press,
Date of publication, distribution, etc. 1995.
300 ## - PHYSICAL DESCRIPTION
Extent viii, 267 p. ;
Dimensions 24 cm.
500 ## - GENERAL NOTE
General note "UNUP-885"--Verso t.p.
500 ## - GENERAL NOTE
General note Chapters originally appeared as papers given at the conference Changing State/Society Perspectives on the United Nations System.
504 ## - BIBLIOGRAPHY, ETC. NOTE
Bibliography, etc Includes bibliographical references.
610 20 - SUBJECT ADDED ENTRY--CORPORATE NAME
Corporate name or jurisdiction name as entry element United Nations
General subdivision Congresses.
9 (RLIN) 7232
650 #0 - SUBJECT ADDED ENTRY--TOPICAL TERM
Topical term or geographic name as entry element World politics
Chronological subdivision 1989-
General subdivision Congresses.
9 (RLIN) 7233
650 #0 - SUBJECT ADDED ENTRY--TOPICAL TERM
Topical term or geographic name as entry element International relations
General subdivision Congresses.
9 (RLIN) 7234
700 1# - ADDED ENTRY--PERSONAL NAME
Personal name Krause, Keith.
9 (RLIN) 7235
700 1# - ADDED ENTRY--PERSONAL NAME
Personal name Knight, W. Andy.
9 (RLIN) 7236
711 2# - ADDED ENTRY--MEETING NAME
Meeting name or jurisdiction name as entry element Changing State/Society Perspectives on the United Nations System
Date of meeting (1992 :
Location of meeting Toronto, Ontario)
9 (RLIN) 7237
906 ## - LOCAL DATA ELEMENT F, LDF (RLIN)
a 7
b cbc
c copycat
d 3
e ncip
f 19
g y-gencatlg
942 ## - ADDED ENTRY ELEMENTS (KOHA)
Source of classification or shelving scheme Dewey Decimal Classification
Koha item type Short Loan
Holdings
Withdrawn status Lost status Source of classification or shelving scheme Damaged status Not for loan Home library Current library Date acquired Inventory number Total Checkouts Full call number Barcode Date last seen Price effective from Koha item type Source of acquisition
    Dewey Decimal Classification     MUST Main Library MUST Main Library 09/03/2016 2001/14942   320 STA 1995 2016-0409 09/03/2016 09/03/2016 Short Loan  
    Dewey Decimal Classification     MUST Main Library MUST Main Library 23/07/2024 2001/14941   320 STA 1995 2024-22106 23/07/2024 23/07/2024 Open Shelf Donation